UBT Library

Sweet Serendipity : (Record no. 40379)

000 -LEADER
fixed length control field 00820cam a22002537a 4500
001 - CONTROL NUMBER
control field 13441992
005 - DATE AND TIME OF LATEST TRANSACTION
control field 20180116083948.0
008 - FIXED-LENGTH DATA ELEMENTS--GENERAL INFORMATION
fixed length control field 031222s2004 nyua 001 0 eng d
010 ## - LIBRARY OF CONGRESS CONTROL NUMBER
LC control number 2003116891
020 ## - INTERNATIONAL STANDARD BOOK NUMBER
International Standard Book Number 0789310759
035 ## - SYSTEM CONTROL NUMBER
System control number (OCoLC)ocm55696163
040 ## - CATALOGING SOURCE
Original cataloging agency OCO
Transcribing agency OCO
Modifying agency SPP
-- OMP
-- OCLCQ
-- BUR
-- OCL
-- BAKER
-- DLC
041 ## - LANGUAGE CODE
Language code of text/sound track or separate title eng
042 ## - AUTHENTICATION CODE
Authentication code lccopycat
080 ## - UNIVERSAL DECIMAL CLASSIFICATION NUMBER
Universal Decimal Classification number 641.86 BRU
082 04 - DEWEY DECIMAL CLASSIFICATION NUMBER
Classification number 641.86 BRU
Edition number 22
100 1# - Rafti
Rafti 10
101 ## - Shkurtesa
Shkurtesa NUT
245 10 - TITLE STATEMENT
Title Sweet Serendipity :
Statement of responsibility, etc Stephen Bruce with Brett Bara ; photos by Liz Steger.
906 ## - LOCAL DATA ELEMENT F, LDF (RLIN)
a 7
b cbc
c copycat
d 2
e epcn
f 20
g y-gencatlg
942 ## - ADDED ENTRY ELEMENTS (KOHA)
Source of classification or shelving scheme
Item type Books
Holdings
Withdrawn status Lost status Source of classification or shelving scheme Damaged status Not for loan Collection code Permanent location Current location Shelving location Date acquired Total Checkouts Full call number Barcode Date last seen Price effective from Koha item type
          Koleksioni i përgjithshem UBT - Lipjan UBT - Lipjan Koleksioni i përgjithshem 01/16/2018   641.86 BRU 002-2995597 01/16/2018 01/16/2018 Books
UBT Library © 2015-2024. All rights reserved University Education for Business and Technology